Podnájomníci lesného prostredia čriepky zo života prírody

Bibliographic Details
Main Author: Saniga, Miroslav, 1964- (Author)
Format: Article
Language:Slovak
PhysicalDescription:Fotogr.
ISSN:1335-4000
Subjects:

MARC

LEADER 00000nab a2200000 a 4500
001 vtls009959226
003 SK-MaSNL
005 20260426085617.0
008 250507c2009 xo |||||||||||000 b|slo
015 |a SNBRB2009/10  |2 snkbucl 
035 |a (uuid)792ce4fb-8797-4873-9c3d-7c584ed0c149 
035 |a urn:nbn:sk:snk-ab2xdt 
035 |a (urnnbn)urn:nbn:sk:snk:ar-a032dw 
038 |a SNKBUCL 
040 |a SNKBUCL  |b slo  |c SNKBUCL  |e AACR2 
041 0 |a slo 
044 |a xo  |c SK 
080 |a 574.2:630  |x (437.6)  |2 2001 
080 |a 591.9  |2 2001 
080 |a 581.9  |2 2001 
080 |a 599.742.75  |2 2001 
080 |a 598.272.6  |2 2001 
080 |a 582.594  |2 2001 
080 |a 630*1  |2 2001 
100 1 |a Saniga, Miroslav,  |d 1964-  |4 aut  |9 103655 
245 1 0 |a Podnájomníci lesného prostredia  |b čriepky zo života prírody  |c Miroslav Saniga 
300 |b Fotogr. 
650 0 7 |a lesy  |2 snkbucl  |9 1437 
650 0 7 |a rys ostrovid  |2 snkbucl  |9 18989 
650 0 7 |a ďubník trojprstý  |2 snkbucl  |9 239026 
650 0 7 |a črievičník papučka  |2 snkbucl  |9 116510 
651 7 |a Slovensko  |2 snkbucl  |9 14231 
773 0 |t Quark  |g Roč. XV, č. 6 (2009), s. 23  |x 1335-4000 
850 |a Slovenská národná knižnica 
852 |a Slovenská národná knižnica 
954 |a odborná, vedecká literatúra pôvodná (slovenská)  |2 lita 
958 |a article2022 
958 |a SK 
958 |a OND 
958 |a EUIPO 
999 |c 2968043  |d 2969973